Normal view
MARC view
Entry Personal Name
001 - CONTROL NUMBER
- control field: 1239471
003 - CONTROL NUMBER IDENTIFIER
- control field: OSt
005 - DATE AND TIME OF LATEST TRANSACTION
- control field: 20260514122529.0
008 - FIXED-LENGTH DATA ELEMENTS
- fixed length control field: 260514|| aca||aabn | a|a d
040 ## - CATALOGING SOURCE
- Original cataloging agency: OSt
- Transcribing agency: OSt
100 ## - HEADING--PERSONAL NAME
- Personal name: Singh Dr.Giriraj
670 ## - SOURCE DATA FOUND
- Source citation: Work cat.: (OSt)1851467: Singh Dr.Giriraj , Diffusion and Perfusion MRI in Evaluation of Intracranial Masses.
